000 00836nam a2200217 i 4500
001 177855
003 ES-MaACL
005 20251220171938.0
008 110503s1958 mx |||| | spa d
080 _a164
100 1 _aDubarle, Dominique.
_945743
245 1 3 _aLa utilidad matemática de la formalización /
_cD. Dubarle.
260 _aMéxico :
_bUniversidad Nacional de México,
_c1958.
300 _ap. 165-191 ;
_c21 cm.
490 1 _aSeminario de Problemas Científicos y Filosóficos. Suplementos ;
_v2ª serie ;
_v7
650 0 7 _aLógica matemática
_2embne
_914697
710 2 _aUniversidad Nacional Autónoma de México.
_97397
830 0 _aSeminario de Problemas Científicos y Filosóficos. Suplementos
_v2ª serie ;
_v7
_9190619
852 _aES-MaACL
_j2297-F-14
_xOlim P-902
999 _c177855
_d177855